| 000 | 01072cam a22003497a 4500 | ||
|---|---|---|---|
| 003 | CHAP | ||
| 005 | 20220817041400.0 | ||
| 008 | 971013s1994 r 00010 d | ||
| 010 | _a12803 | ||
| 011 | _a13775 | ||
| 035 | _a17847 | ||
| 040 | _cCHAP | ||
| 082 |
_a334.683 _bF32 v.4 |
||
| 110 | _aFAO | ||
| 245 | 0 |
_aReorienting the cooperative structure in selected eastern european countries _b: case study on Hungary |
|
| 260 |
_aRome : _bFAO, _c1994 |
||
| 300 | _a57 p. | ||
| 410 | _aFAO | ||
| 490 | 0 |
_aAgriculture in transition _v; 4 |
|
| 590 |
_aBATCH-UPD _b10 _c20130110 _lUCH01 _h1037 |
||
| 590 |
_aBATCH-UPD _b10 _c20130410 _lUCH01 _h0638 |
||
| 590 |
_aBATCH-UPD _b10 _c20130913 _lUCH01 _h2248 |
||
| 590 |
_aCONVERSION _b10 _c20130109 _lUCH01 _h1308 |
||
| 650 | 1 | 4 |
_aAgricultura cooperativa. _91945 |
| 650 | 1 | 4 |
_aAgricultura _xHungría. _91541 |
| 700 | 0 |
_aJuhász, János. _962317 |
|
| 810 | 0 | _aFAO | |
| 830 | 0 | 0 |
_aAgriculture in transition _v; 4 _92128 |
| 901 | _aBK | ||
| 942 | _cLIBRO | ||
| 949 |
_a334.683 F32 v.4 _bBC _cFAO _d-41820 _eFAO1 _gI.D _h86318 _i17847 _si |
||
| 999 |
_c12803 _d12803 |
||